Rural development and rural epmloyment (Record no. 3867)
[ view plain ]
| 000 -LEADER | |
|---|---|
| fixed length control field | 00711nam a22001937a 4500 |
| 003 - CONTROL NUMBER IDENTIFIER | |
| control field | Nust |
| 005 - DATE AND TIME OF LATEST TRANSACTION | |
| control field | 20180117090018.0 |
| 008 - FIXED-LENGTH DATA ELEMENTS--GENERAL INFORMATION | |
| fixed length control field | 161214b xxu||||| |||| 00| 0 eng d |
| 020 ## - INTERNATIONAL STANDARD BOOK NUMBER | |
| International Standard Book Number | 9789351114857 |
| 040 ## - CATALOGING SOURCE | |
| Original cataloging agency | S3H |
| Transcribing agency | 0 |
| 082 ## - DEWEY DECIMAL CLASSIFICATION NUMBER | |
| Edition number | 333.7 |
| 100 ## - MAIN ENTRY--PERSONAL NAME | |
| Relator code | Anand Roy |
| 245 ## - TITLE STATEMENT | |
| Title | Rural development and rural epmloyment |
| Statement of responsibility, etc. | Anand Roy |
| 260 ## - PUBLICATION, DISTRIBUTION, ETC. | |
| Place of publication, distribution, etc. | New Delhi |
| Name of publisher, distributor, etc. | Random publications |
| Date of publication, distribution, etc. | 2015. |
| 300 ## - PHYSICAL DESCRIPTION | |
| Extent | 293p |
| 942 ## - ADDED ENTRY ELEMENTS (KOHA) | |
| Source of classification or shelving scheme | |
| Koha item type | Book |
| Withdrawn status | Lost status | Source of classification or shelving scheme | Damaged status | Not for loan | Collection code | Permanent Location | Current Location | Shelving location | Date acquired | Total Checkouts | Full call number | Barcode | Date last seen | Price effective from | Koha item type |
|---|---|---|---|---|---|---|---|---|---|---|---|---|---|---|---|
| Central Library (CL) | Central Library (CL) | General Stacks | 12/14/2016 | 333.7 ROY | S3H-S-545 | 05/10/2018 | 12/14/2016 | Book | |||||||
| Central Library (CL) | Central Library (CL) | General Stacks | 01/12/2017 | 333.7 ROY | S3H-S-544 | 01/12/2017 | 01/12/2017 | Book |
